00436 2200181 4500245003900000020002200039250001100061100001800072700001000090700000900100650001700109005001900126260004100145041001400186084001300200300003200213336000900245 aFruits Vol. 3cJung, Kim EuyhText a978-979-27-6906-7 aCet. 1 aJung, Kim Euy aBagus aRima aKomik Jepang a20230609101338 aJakartabElex Media Komputindoc2010 aIndonesia a741.5592 a... jil. :bilus. ;c17 cm. atext